Logo Biblioteca

Poesías / (Registro nro. 817)

Detalles MARC
000 -LEADER
fixed length control field 01089nam a22002777a 4500
003 - CONTROL NUMBER IDENTIFIER
control field AR-Ro-UNCS
005 - DATE AND TIME OF LATEST TRANSACTION
control field 20251209133352.0
008 - FIXED-LENGTH DATA ELEMENTS--GENERAL INFORMATION
fixed length control field 050607t1997 ag gr 001 pdspa d
015 ## - NATIONAL BIBLIOGRAPHY NUMBER
National bibliography number AR-1997
020 ## - INTERNATIONAL STANDARD BOOK NUMBER
International Standard Book Number 950-46-0408-0
040 ## - CATALOGING SOURCE
Original cataloging agency AR-BaBN
Language of cataloging spa
Transcribing agency AR-RoUNCS
Description conventions aacr
080 1# - UNIVERSAL DECIMAL CLASSIFICATION NUMBER
Universal Decimal Classification number 82-1(82)
Edition identifier 2016
100 1# - MAIN ENTRY--PERSONAL NAME
Personal name Storni, Alfonsina,
Dates associated with a name 1892-1938
245 10 - TITLE STATEMENT
Title Poesías /
Statement of responsibility, etc. Alfonsina Storni ; selección, estudio y notas por María Fernanda Maquieira.
250 ## - EDITION STATEMENT
Edition statement 1a ed.
260 ## - PUBLICATION, DISTRIBUTION, ETC.
Place of publication, distribution, etc. Buenos Aires :
Name of publisher, distributor, etc. Santillana,
Date of publication, distribution, etc. 1997.
300 ## - PHYSICAL DESCRIPTION
Extent 103 p. ;
Dimensions 21 cm.
490 0# - SERIES STATEMENT
Series statement Clásicos Esenciales Santillana
504 ## - BIBLIOGRAPHY, ETC. NOTE
Bibliography, etc. note Bibliografía: p. 102-103.
505 0# - FORMATTED CONTENTS NOTE
Formatted contents note Selección de las poesías más significativas -- Panorama de la sociedad y cultura de la época -- Biografía de Alfonsina Storni y estudio literario de su obra -- Opiniones sobre la autora, cuadro cronológico y bibliografía.
650 #7 - SUBJECT ADDED ENTRY--TOPICAL TERM
Source of heading or term embne
Topical term or geographic name entry element Literatura argentina
655 #7 - INDEX TERM--GENRE/FORM
Genre/form data or focus term Poesía
Source of term embne
655 #7 - INDEX TERM--GENRE/FORM
Genre/form data or focus term Antologías
Source of term embne
700 1# - ADDED ENTRY--PERSONAL NAME
Personal name Maquieira, María Fernanda,
Dates associated with a name 1966-
Relator term compiladora
Relationship com
942 ## - ADDED ENTRY ELEMENTS (KOHA)
Source of classification or shelving scheme Universal Decimal Classification
Koha item type Libro de préstamo a domicilio
Suppress in OPAC No
Existencias
Withdrawn status Lost status Source of classification or shelving scheme Damaged status Not for loan Collection Home library Current library Date acquired Source of acquisition Total checkouts Full call number Barcode Date last seen Price effective from Koha item type
    Universal Decimal Classification     Colección General Biblioteca Escuela de Ciencias Sociales Biblioteca Escuela de Ciencias Sociales 09/12/2025 Donación 2023   82-1(82) ST885 000206 09/12/2025 09/12/2025 Libro de préstamo a domicilio
Biblioteca de la Escuela Preuniversitaria en Ciencias Sociales y Humanísticas.
Riobamba 250 bis.
CP 2000 - Rosario - Santa Fe
E-Mail: biblioteca@esociales.unr.edu.ar